| 000 | 00869nas a2200277 4500 | ||
|---|---|---|---|
| 001 | BR9904942 | ||
| 003 | BR-BrBNA | ||
| 005 | 20231205101629.0 | ||
| 007 | ta | ||
| 008 | 230509b bl.|||p| |||| 00| 00por d | ||
| 040 |
_aBR-BrBNA _bpor _cBiblioteca Nacional de Agricultura |
||
| 041 | _a(Pt) | ||
| 072 | _aN10 | ||
| 100 | 1 | _aAmorim, L.V. | |
| 100 | 1 | _aPereira, A.S.G. | |
| 100 | 1 | _aNeves, G. de A. | |
| 100 | 1 | _aFerreira, H.C. | |
| 245 | 1 | _aReciclagem de rejeitos da construcao civil para uso em argamassas de baixo custo | |
| 650 | _aConstrucao Rural | ||
| 650 | _aMaterial de Construcao | ||
| 650 | _aMeio Ambiente | ||
| 650 | _aReciclagem | ||
| 773 | 0 |
_tRevista Brasileira de Engenharia Agricola e Ambiental (Brazil) _xISSN 1415-4366 _g(May-Aug 1999), v. 3(2) p. 222-228 _wBR9904942 |
|
| 909 |
_a202311 _bLúcia _c55 _dLúcia Elande |
||
| 942 |
_2AGRIS _n0 _cANA |
||
| 999 |
_c162920 _d162920 |
||